Southville International School and Colleges
Your cart is empty.
  • Cart
  • Lists
    Public lists Eva Luna New books Lux_list list_1
    Your lists Log in to create your own lists
  • Log in to your account
  • Your cookies
  • Search history
Southville International School and Colleges
  • Advanced search
  • Recent comments
  • Most popular
  • Libraries

Log in to your account

Log in with GOOGLE


If you do not have an external account, but do have a local account, you can still log in:

  1. Home
  2. MARC view: South America /
Normal view MARC view ISBD view

South America / (Record no. 290276)

[ view plain ]
MARC details
000 -LEADER
fixed length control field 00494nam a2200169Ia 4500
008 - FIXED-LENGTH DATA ELEMENTS--GENERAL INFORMATION
fixed length control field 160114s9999 xx 000 0 und d
020 ## - INTERNATIONAL STANDARD BOOK NUMBER
International Standard Book Number 0-43115810x
050 ## - LIBRARY OF CONGRESS CALL NUMBER
Classification number 918
050 ## - LIBRARY OF CONGRESS CALL NUMBER
Item number .F793s 2006
100 ## - MAIN ENTRY--PERSONAL NAME
Personal name Fox, Mary Virginia.
245 ## - TITLE STATEMENT
Title South America /
Statement of responsibility, etc Mary Virginia Fox.
260 ## - PUBLICATION, DISTRIBUTION, ETC. (IMPRINT)
Place of publication, distribution, etc South China :
Name of publisher, distributor, etc Modern Age Repro House Ltd
Date of publication, distribution, etc 2006
300 ## - PHYSICAL DESCRIPTION
Extent 32 pages;
Other physical details col. Illustrations, col. Maps ;
440 ## - SERIES STATEMENT/ADDED ENTRY--TITLE
Title First Library: Continents
650 ## - SUBJECT ADDED ENTRY--TOPICAL TERM
Topical term or geographic name as entry element South America--
650 ## - SUBJECT ADDED ENTRY--TOPICAL TERM
General subdivision maps.
Holdings
Withdrawn status Lost status Damaged status Home library Current library Shelving location Date acquired Total Checkouts Full call number Date last seen Price effective from Koha item type
      Stonyhurst Southville International School (Batangas) Stonyhurst Southville International School (Batangas) Grade School Section 01/14/2016   918 .F793s 2006 01/14/2016 01/14/2016 Books

South America /

APA

Fox M. V., . (2006). South America. South China: Modern Age Repro House Ltd.

Chicago

Fox Mary Virginia, . 2006. South America. South China: Modern Age Repro House Ltd.

Harvard

Fox M. V., . (2006). South America. South China: Modern Age Repro House Ltd.

MLA

Fox Mary Virginia, . South America. South China: Modern Age Repro House Ltd. 2006.

  • Place hold
  • Print
  • Cite
  • Add to your cart (remove)
  • Save record
    BIBTEX Dublin Core MARCXML MARC (non-Unicode/MARC-8) MARC (Unicode/UTF-8) MARC (Unicode/UTF-8, Standard) MODS (XML) RIS
  • More searches
    Search for this title in:
    Other Libraries (WorldCat) Other Databases (Google Scholar) Online Stores (Bookfinder.com) Open Library (openlibrary.org)

Exporting to Dublin Core...

SOUTHVILLE LIBRARY

Southville International School and Colleges Library

1281 Tropical Ave. Cor. Luxembourg St., BF Homes International, Las Pinas City

Tel. No. 8256374 / 252358 Loc. 117/146

Powered by Koha